[Event "World Blitz 2025"]
[Site "Doha QAT"]
[Date "2025.12.29"]
[Round "10.9"]
[White "So, Wesley"]
[Black "Jobava, Baadur"]
[Result "1/2-1/2"]
[WhiteTitle "GM"]
[BlackTitle "GM"]
[WhiteElo "2753"]
[BlackElo "2568"]
[WhiteFideId "5202213"]
[BlackFideId "13601520"]
[EventDate "2025.12.29"]

1. e4 c5 2. Nf3 d6 3. d4 cxd4 4. Nxd4 Nf6 5. Nc3 g6 6. Be3 Nc6 7. f3 h5 8. Qd2
Nxd4 9. Bxd4 Bh6 10. Be3 Bxe3 11. Qxe3 Be6 12. Bb5+ Kf8 13. O-O-O Qa5 14. Rd4 a6
15. Ba4 Rc8 16. Kb1 Kg7 17. Bb3 Qc5 18. Re1 Bxb3 19. axb3 h4 20. Qd2 Qa5 21. b4
Qc7 22. Nd5 Nxd5 23. exd5 Rh5 24. c3 Qd7 25. Rde4 Qf5 26. Kc1 Qxd5 27. Qxd5 Rxd5
28. Rxe7 Rb5 29. R1e4 h3 30. g4 g5 31. Rd7 a5 32. bxa5 Rxa5 33. Kc2 Ra1 34. Rxd6
Rf1 35. Re5 Rxf3 36. Rxg5+ Kf8 37. Rf5 Rxf5 38. gxf5 Rc5 39. f6 Kg8 40. Rd8+ 1/2-1/2

[Event "World Blitz 2025"]
[Site "Doha QAT"]
[Date "2025.12.29"]
[Round "10.11"]
[White "Praggnanandhaa, R"]
[Black "Narayanan, S.L."]
[Result "0-1"]
[WhiteTitle "GM"]
[BlackTitle "GM"]
[WhiteElo "2761"]
[BlackElo "2616"]
[WhiteFideId "25059530"]
[BlackFideId "5058422"]
[EventDate "2025.12.29"]

1. e4 c5 2. Nf3 d6 3. d4 cxd4 4. Nxd4 Nf6 5. Nc3 a6 6. Bd3 e5 7. Nde2 Be6 8. O-O
Nc6 9. f4 exf4 10. Nxf4 Ne5 11. Kh1 g6 12. h3 Bg7 13. Be3 O-O 14. Qe1 Rc8 15.
Rd1 b5 16. a3 Qc7 17. Qg3 Qb7 18. Bd4 Rfe8 19. Rfe1 Nc6 20. Be3 b4 21. axb4 Nxb4
22. Qf2 Nd7 23. Bd4 Ne5 24. Be3 Bd7 25. Bc1 Nexd3 26. cxd3 Bc6 27. Be3 d5 28.
Bc5 a5 29. Bxb4 axb4 30. Ncxd5 b3 31. Rc1 h6 32. Rc5 Bxd5 33. Rxd5 Rc2 34. Re2
Rec8 35. d4 Qa6 36. Rc5 R8xc5 37. dxc5 Qc4 38. Qe3 Bxb2 39. c6 Bd4 40. Qf3 b2 0-1

[Event "World Blitz 2025"]
[Site "Doha QAT"]
[Date "2025.12.29"]
[Round "10.12"]
[White "Aronian, Levon"]
[Black "Naiditsch, Arkadij"]
[Result "1-0"]
[WhiteTitle "GM"]
[BlackTitle "GM"]
[WhiteElo "2729"]
[BlackElo "2574"]
[WhiteFideId "13300474"]
[BlackFideId "4650891"]
[EventDate "2025.12.29"]

1. e4 c5 2. Nf3 Nc6 3. Bb5 h6 4. O-O g5 5. c3 Bg7 6. d4 g4 7. Nh4 Bf6 8. Qxg4
cxd4 9. Qg3 a6 10. Bxc6 dxc6 11. e5 Bxh4 12. Qg7 Bf5 13. Qxh8 Kd7 14. Bxh6 d3
15. Nd2 e6 16. Be3 Be7 17. Nc4 c5 18. Qh5 b5 19. Nd6 Bxd6 20. exd6 Qf8 21. Qf3
Rb8 22. a4 b4 23. cxb4 Rxb4 24. Bxc5 Be4 25. Qe3 Rc4 26. Rac1 Qg7 27. f3 Rxc1
28. Rxc1 Bf5 29. Ba3 1-0

[Event "World Blitz 2025"]
[Site "Doha QAT"]
[Date "2025.12.29"]
[Round "10.13"]
[White "Duda, Jan-Krzysztof"]
[Black "Keymer, Vincent"]
[Result "1-0"]
[WhiteTitle "GM"]
[BlackTitle "GM"]
[WhiteElo "2729"]
[BlackElo "2776"]
[WhiteFideId "1170546"]
[BlackFideId "12940690"]
[EventDate "2025.12.29"]

1. e4 e5 2. Nf3 Nc6 3. Bb5 a6 4. Ba4 Nf6 5. O-O Be7 6. Bxc6 dxc6 7. d3 Nd7 8.
Nbd2 a5 9. Nc4 f6 10. Nh4 g6 11. Bh6 Nc5 12. a4 b6 13. b3 Ba6 14. Kh1 Qd7 15.
Nf3 O-O-O 16. Be3 h5 17. Qe1 Bxc4 18. bxc4 Ne6 19. Nh4 Rhg8 20. Qe2 Bc5 21. Rfd1
Qe7 22. Rab1 Rdf8 23. c3 Bxe3 24. fxe3 f5 25. Nf3 Nc5 26. d4 exd4 27. cxd4 Nxe4
28. c5 Kb7 29. Rdc1 Rb8 1-0

[Event "World Blitz 2025"]
[Site "Doha QAT"]
[Date "2025.12.29"]
[Round "10.14"]
[White "Makarian, Rudik"]
[Black "Artemiev, Vladislav"]
[Result "0-1"]
[WhiteTitle "GM"]
[BlackTitle "GM"]
[WhiteElo "2524"]
[BlackElo "2641"]
[WhiteFideId "44105681"]
[BlackFideId "24101605"]
[EventDate "2025.12.29"]

1. d4 Nf6 2. c4 e6 3. Nf3 Bb4+ 4. Bd2 Qe7 5. g3 Bxd2+ 6. Qxd2 Nc6 7. Bg2 Ne4 8.
Qc2 Qb4+ 9. Kf1 f5 10. a3 Qe7 11. Nc3 Nxc3 12. Qxc3 O-O 13. Ne5 Nd8 14. f4 d6
15. Nd3 Bd7 16. Bf3 Rb8 17. Kg2 Nf7 18. Qa5 Rfc8 19. Qxa7 c6 20. Qa5 g5 21. h3
Kh8 22. Qc3 Rg8 23. Kh2 Rg6 24. d5+ Kg8 25. dxe6 Rxe6 26. Rhe1 g4 27. hxg4 fxg4
28. Bg2 Re3 29. Qa5 c5 30. Qc7 Re8 31. Qxb7 h5 32. Qd5 h4 33. Qh5 Kg7 34. Bd5
hxg3+ 35. Kg1 Nh6 36. a4 Nf5 37. a5 Nd4 38. a6 Nxe2+ 39. Rxe2 Rxe2 40. Qg5+ Qxg5
41. fxg5 Bf5 42. Ra3 Bxd3 43. Rxd3 Rxb2 44. Rd1 Ra2 45. Bb7 Ree2 46. g6 Reb2 47.
Re1 Kxg6 48. Rd1 Kg5 0-1

[Event "World Blitz 2025"]
[Site "Doha QAT"]
[Date "2025.12.29"]
[Round "10.15"]
[White "Ponomariov, Ruslan"]
[Black "Andreikin, Dmitry"]
[Result "1-0"]
[WhiteTitle "GM"]
[BlackTitle "GM"]
[WhiteElo "2639"]
[BlackElo "2710"]
[WhiteFideId "14103320"]
[BlackFideId "4158814"]
[EventDate "2025.12.29"]

1. Nf3 Nf6 2. c4 e6 3. b3 d5 4. Bb2 Be7 5. g3 c5 6. cxd5 exd5 7. d4 Ne4 8. Bg2
Bf6 9. O-O O-O 10. Qc1 cxd4 11. Nxd4 Nc6 12. Nxc6 bxc6 13. Nd2 Nxd2 14. Qxd2 a5
15. Rac1 Bxb2 16. Qxb2 Qb6 17. e3 a4 18. b4 a3 19. Qc3 Be6 20. Rfd1 h6 21. Rd4
Ra4 22. Qxc6 Rxb4 23. Qxb6 Rxb6 24. Ra4 Rd8 25. Rxa3 d4 26. Rd3 Bxa2 27. exd4
Rbd6 28. d5 R6d7 29. Rcd1 Bc4 30. Rd4 Bb3 31. R1d3 Bc2 32. Rd2 Bf5 33. d6 Ra7
34. h4 g6 35. Bf3 h5 36. Kg2 Kg7 37. Be4 Bxe4+ 38. Rxe4 Rad7 39. Red4 Kf6 40.
Kf3 Ke6 41. Re2+ Kf6 42. Rf4+ Kg7 43. Re7 Rxe7 44. dxe7 Re8 45. Re4 Kf6 46. Kf4
Rxe7 47. Rxe7 Kxe7 48. Kg5 Kf8 49. Kf6 Ke8 50. Kg7 Ke7 51. f3 Ke6 52. Kf8 Kf6
53. Kg8 g5 54. hxg5+ Kxg5 55. Kxf7 h4 56. f4+ Kg4 57. gxh4 Kxf4 58. Kg6 1-0

[Event "World Blitz 2025"]
[Site "Doha QAT"]
[Date "2025.12.29"]
[Round "10.16"]
[White "Muradli, Mahammad"]
[Black "Sarana, Alexey"]
[Result "0-1"]
[WhiteTitle "GM"]
[BlackTitle "GM"]
[WhiteElo "2581"]
[BlackElo "2673"]
[WhiteFideId "13409301"]
[BlackFideId "24133795"]
[EventDate "2025.12.29"]

1. d4 Nf6 2. c4 e6 3. Nf3 d5 4. g3 dxc4 5. Bg2 Nc6 6. Qa4 Bb4+ 7. Bd2 Bxd2+ 8.
Nbxd2 O-O 9. Qxc4 Qd6 10. Rc1 e5 11. dxe5 Nxe5 12. Qxc7 Qxc7 13. Rxc7 Nc6 14.
Ng5 Ne8 15. Rxc6 bxc6 16. Bxc6 Rb8 17. b3 Ba6 18. Ngf3 Rc8 19. Nd4 Bb7 0-1

[Event "World Blitz 2025"]
[Site "Doha QAT"]
[Date "2025.12.29"]
[Round "10.17"]
[White "Pranesh, M"]
[Black "Martirosyan, Haik M."]
[Result "1-0"]
[WhiteTitle "GM"]
[BlackTitle "GM"]
[WhiteElo "2627"]
[BlackElo "2625"]
[WhiteFideId "35028600"]
[BlackFideId "13306553"]
[EventDate "2025.12.29"]

1. e4 e5 2. Nf3 Nc6 3. Nc3 Nf6 4. Bb5 Bb4 5. O-O Bxc3 6. bxc3 O-O 7. Re1 d6 8.
h3 Bd7 9. Rb1 Rb8 10. d4 h6 11. Bd3 Re8 12. Bb2 b6 13. Nd2 Ne7 14. Nf1 Ng6 15.
Ng3 Nf4 16. Bf1 Be6 17. c4 Bd7 18. Qd2 Qc8 19. Rbd1 Ng6 20. f3 Be6 21. Qc3 c5
22. dxe5 dxe5 23. Bd3 Qc7 24. Nf1 Nh7 25. Ne3 Qe7 26. Bc1 Rbd8 27. Nd5 Qh4 28.
Qd2 Ng5 29. Qf2 Qxf2+ 30. Kxf2 Bd7 31. a4 Ne6 32. Be3 Rb8 33. Ra1 Ne7 34. Reb1
Nc6 35. Bd2 Kf8 36. a5 bxa5 37. Rxb8 Rxb8 38. Bxa5 Nxa5 39. Rxa5 Rb7 40. g3 Bc6
41. Ke3 g5 42. c3 Kg7 43. Bc2 h5 44. h4 gxh4 45. gxh4 Bd7 46. Ba4 Bxa4 47. Rxa4
Kf8 48. Ra6 Rb1 49. Rxa7 Rh1 50. Ne7 Rh2 51. Nf5 Kg8 52. Nh6+ Kg7 53. Rxf7+ Kg6
54. Rf5 Nf4 55. Rxe5 Ng2+ 56. Kf2 Nxh4+ 57. Kg3 Rh1 58. Re6+ Kg7 59. Rc6 Ng6 60.
Nf5+ Kf7 61. Rxc5 h4+ 62. Kg2 Rc1 63. Kh3 Rh1+ 64. Kg4 Rg1+ 65. Kh3 Rh1+ 66. Kg2
Rc1 67. Nd4 Nf4+ 68. Kh2 Kg6 69. Rc6+ Kf7 70. e5 Rd1 71. Rf6+ 1-0

[Event "World Blitz 2025"]
[Site "Doha QAT"]
[Date "2025.12.29"]
[Round "10.18"]
[White "Esipenko, Andrey"]
[Black "Hakobyan, Aram"]
[Result "0-1"]
[WhiteTitle "GM"]
[BlackTitle "GM"]
[WhiteElo "2698"]
[BlackElo "2613"]
[WhiteFideId "24175439"]
[BlackFideId "13306677"]
[EventDate "2025.12.29"]

1. e4 c5 2. Nf3 e6 3. d4 cxd4 4. Nxd4 Nf6 5. Nc3 Nc6 6. Nxc6 bxc6 7. e5 Nd5 8.
Ne4 Bb7 9. Bd3 Qc7 10. f4 c5 11. c4 Nb4 12. Bb1 Nc6 13. O-O Nd4 14. Be3 Qb6 15.
Qd2 a5 16. Bd3 Be7 17. Bxd4 cxd4 18. f5 Rb8 19. b3 Bxe4 20. Bxe4 Qc5 21. Qf4 Kd8
22. Qg3 g6 23. fxe6 fxe6 24. Bd3 Kc7 25. Rf7 Rbf8 26. Raf1 Qa3 27. h4 Rxf7 28.
Rxf7 Rf8 29. Rxh7 g5 30. h5 Qc1+ 31. Kh2 Rf4 32. Rxe7 Rh4+ 33. Qxh4 gxh4 34. Rf7
Qe3 35. Rf3 Qxe5+ 36. Kh3 Qxh5 37. Rf4 Qg5 38. Rf3 e5 39. Bf5 d6 40. Be4 Kb6 41.
a3 Qc1 42. b4 Qh1+ 43. Kg4 Qxg2+ 44. Kxh4 Qh2+ 45. Kg4 Qe2 46. Kf5 axb4 47. Rb3
Qf1+ 48. Ke6 Qxc4+ 49. Bd5 Qxb3 50. Bxb3 bxa3 51. Kxd6 d3 52. Kxe5 d2 53. Kd4 0-1

[Event "World Blitz 2025"]
[Site "Doha QAT"]
[Date "2025.12.29"]
[Round "10.19"]
[White "Murzin, Volodar"]
[Black "Hovhannisyan, Robert"]
[Result "1-0"]
[WhiteTitle "GM"]
[BlackTitle "GM"]
[WhiteElo "2648"]
[BlackElo "2621"]
[WhiteFideId "44155573"]
[BlackFideId "13302507"]
[EventDate "2025.12.29"]

1. e4 e5 2. Nf3 Nc6 3. Bc4 Bc5 4. d3 Nf6 5. O-O d6 6. c3 a5 7. Bg5 Ba7 8. Nbd2
h6 9. Bh4 O-O 10. Re1 g5 11. Bg3 Bg4 12. Nf1 Bh5 13. Bb3 Kh8 14. Ne3 Ne7 15. Bc2
Bxe3 16. fxe3 Ng6 17. Rf1 Qe7 18. Qd2 Nh7 19. Bd1 Nf6 20. Be2 Rg8 21. c4 c5 22.
Qe1 Rg7 23. Nd2 Bxe2 24. Qxe2 Qe6 25. Nb1 Qg4 26. Qxg4 Nxg4 27. Rf3 h5 28. Nc3
h4 29. Be1 Re8 30. Nb5 Re6 31. Bxa5 f6 32. Raf1 Rf7 33. Bc7 Kg7 34. Bd8 Rf8 35.
Nc7 Kf7 36. Nxe6 Kxe6 37. Ba5 Ra8 38. h3 Nxe3 39. Rxf6+ Ke7 40. Rf7+ Ke8 41.
R1f6 Rxa5 42. Rxb7 Nf4 43. Rh6 Ne2+ 44. Kf2 Ng4+ 1-0

[Event "World Blitz 2025"]
[Site "Doha QAT"]
[Date "2025.12.29"]
[Round "10.20"]
[White "Robson, Ray"]
[Black "Ponkratov, Pavel"]
[Result "1-0"]
[WhiteTitle "GM"]
[BlackTitle "GM"]
[WhiteElo "2650"]
[BlackElo "2587"]
[WhiteFideId "2023970"]
[BlackFideId "4157800"]
[EventDate "2025.12.29"]

1. d4 Nf6 2. c4 e6 3. Nc3 Bb4 4. e3 O-O 5. Bd3 c5 6. Ne2 cxd4 7. exd4 d5 8. cxd5
Qxd5 9. O-O Qh5 10. Ne4 Nxe4 11. Bxe4 Nc6 12. Qd3 Bd6 13. Nf4 Qh4 14. g3 Qf6 15.
Bxh7+ Kh8 16. Be4 Rd8 17. Qf3 Kg8 18. d5 Nd4 19. Qh5 g6 20. Nxg6 fxg6 21. Bxg6
Rd7 22. Be3 Nf3+ 23. Kg2 Ne5 24. Be4 Rf7 25. Rad1 Bd7 26. Bg5 Qg7 27. dxe6 Bxe6
28. Rxd6 Bg4 29. Qh6 1-0

[Event "World Blitz 2025"]
[Site "Doha QAT"]
[Date "2025.12.29"]
[Round "10.21"]
[White "Harikrishna, Pentala"]
[Black "Paravyan, David"]
[Result "1/2-1/2"]
[WhiteTitle "GM"]
[BlackTitle "GM"]
[WhiteElo "2693"]
[BlackElo "2582"]
[WhiteFideId "5007003"]
[BlackFideId "4194985"]
[EventDate "2025.12.29"]

1. e4 e5 2. Nf3 Nf6 3. Nc3 Nc6 4. Bb5 Nd4 5. Nxd4 exd4 6. e5 dxc3 7. exf6 Qxf6
8. dxc3 Bc5 9. O-O O-O 10. a4 c6 11. Bd3 d5 12. a5 h6 13. Qh5 Re8 14. Ra4 Re5
15. Qh4 Qxh4 16. Rxh4 Bf5 17. Rh5 Bxd3 18. Rxe5 Bxf1 19. Kxf1 f6 20. Re2 h5 21.
Be3 Bxe3 22. Rxe3 Kf7 23. Ke2 b6 24. axb6 axb6 25. Kd2 Ra1 26. Re1 Rxe1 27. Kxe1
Ke6 28. Ke2 Ke5 29. Ke3 g5 30. g3 c5 31. b3 d4+ 32. cxd4+ cxd4+ 33. Ke2 b5 34.
f3 Kd5 35. Kd3 g4 36. fxg4 hxg4 37. c3 dxc3 38. Kxc3 Ke4 39. Kb4 Kf3 40. Kxb5
Kg2 41. b4 Kxh2 42. Kc4 Kxg3 43. b5 Kf3 44. b6 g3 45. b7 g2 46. b8=Q g1=Q 47.
Qb7+ Kf4 48. Qc7+ Kf5 49. Qc8+ Ke5 50. Qe8+ Kf4 51. Qb8+ Kf3 52. Qb7+ Kf4 53.
Qb8+ Kf5 54. Qc8+ Ke5 55. Qe8+ Kd6 56. Qd8+ Ke6 57. Qe8+ Kd6 58. Qd8+ 1/2-1/2

[Event "World Blitz 2025"]
[Site "Doha QAT"]
[Date "2025.12.29"]
[Round "10.22"]
[White "Makhnev, Denis"]
[Black "Moussard, Jules"]
[Result "0-1"]
[WhiteTitle "GM"]
[BlackTitle "GM"]
[WhiteElo "2532"]
[BlackElo "2600"]
[WhiteFideId "13707647"]
[BlackFideId "642908"]
[EventDate "2025.12.29"]

1. d4 d5 2. c4 e6 3. Nf3 Nf6 4. g3 Be7 5. Bg2 O-O 6. O-O c6 7. Qc2 b6 8. Nbd2 c5
9. dxc5 bxc5 10. b3 Bb7 11. cxd5 exd5 12. Bb2 Nbd7 13. Rfd1 Qc7 14. Nd4 Rfe8 15.
Nb5 Qb6 16. Nc3 Rac8 17. Rac1 Bf8 18. e4 d4 19. Na4 Qe6 20. Re1 Nb6 21. Nxb6
axb6 22. a4 h5 23. Qc4 Qd7 24. e5 Bxg2 25. Kxg2 Ng4 26. Nf3 Qf5 27. Qc2 Qd7 28.
h3 Nh6 29. Qe4 g6 30. Rcd1 Qe6 31. Rd3 Bg7 32. Bc1 Nf5 33. Bf4 Rcd8 34. Bg5 Rd5
35. g4 hxg4 36. hxg4 Nd6 37. Qf4 Bxe5 38. Nxe5 Rxe5 39. Bf6 Rxe1 40. Rh3 Qd5+
41. Qf3 Qxf3+ 42. Kxf3 R8e3+ 43. fxe3 Rxe3+ 44. Kg2 Rxh3 45. Kxh3 d3 0-1

[Event "World Blitz 2025"]
[Site "Doha QAT"]
[Date "2025.12.29"]
[Round "10.23"]
[White "Goutham Krishna H"]
[Black "Dominguez Perez, Leinier"]
[Result "1-0"]
[WhiteTitle "IM"]
[BlackTitle "GM"]
[WhiteElo "2433"]
[BlackElo "2738"]
[WhiteFideId "25983504"]
[BlackFideId "3503240"]
[EventDate "2025.12.29"]

1. b3 d5 2. Bb2 Nf6 3. Nf3 Bf5 4. g3 e6 5. Bg2 h6 6. d3 Be7 7. Nbd2 O-O 8. O-O
a5 9. a3 Bh7 10. c4 c6 11. Qc2 Nbd7 12. Bc3 Bd6 13. Qb2 Qe7 14. b4 axb4 15. axb4
e5 16. c5 Bc7 17. Rxa8 Rxa8 18. Ra1 Re8 19. Qb3 e4 20. dxe4 dxe4 21. Nd4 e3 22.
Nc4 exf2+ 23. Kxf2 Ng4+ 24. Kg1 Ndf6 25. Bf3 Be4 26. Re1 Bd5 27. e4 Bxc4 28.
Qxc4 Ne5 29. Qe2 g6 30. Bg2 Ra8 31. Rf1 h5 32. Qd2 Nh7 33. Ne2 Rd8 34. Qc2 Ng4
35. Qc1 Be5 36. Bd2 Qd7 37. Bf4 Bd4+ 38. Kh1 Nf2+ 39. Rxf2 Bxf2 40. Bd6 Qe6 41.
Qf4 Be1 42. e5 Ra8 43. Nd4 Qc4 44. e6 Rf8 45. Bxf8 fxe6 46. Bh6 Bc3 47. Qb8+ Kf7
48. Qc7+ Ke8 49. Qc8+ Ke7 50. Qxb7+ Kf6 51. Qg7# 1-0

[Event "World Blitz 2025"]
[Site "Doha QAT"]
[Date "2025.12.29"]
[Round "10.24"]
[White "Movahed, Sina"]
[Black "Safarli, Eltaj"]
[Result "0-1"]
[WhiteTitle "GM"]
[BlackTitle "GM"]
[WhiteElo "2596"]
[BlackElo "2644"]
[WhiteFideId "42520835"]
[BlackFideId "13402129"]
[EventDate "2025.12.29"]

1. e4 c5 2. Nf3 Nc6 3. d4 cxd4 4. Nxd4 e6 5. Nc3 Bc5 6. Nb3 Bb6 7. Bf4 e5 8. Bg3
h5 9. h3 h4 10. Bh2 Nf6 11. Bc4 d6 12. Qd2 Be6 13. Bxe6 fxe6 14. O-O-O Bd4 15.
f3 Bxc3 16. Qxc3 O-O 17. Qd2 d5 18. exd5 exd5 19. Rhe1 a5 20. Bxe5 Nxe5 21. Rxe5
a4 22. Nd4 a3 23. b3 Qc7 24. Rde1 Ne4 25. R5xe4 dxe4 26. Rxe4 Rfe8 27. Nf5 Rxe4
28. Qd5+ Qf7 29. fxe4 Qxd5 30. exd5 Re8 31. Kd2 Re5 32. Ne3 Re4 33. c4 Rf4 34.
c5 Rf2+ 35. Kc3 Kf7 36. b4 Rxa2 37. Nc2 Rb2 38. c6 bxc6 39. dxc6 Ke7 40. Nxa3
Rxg2 41. b5 Rg3+ 42. Kb4 Rxa3 43. Kxa3 g5 44. Kb4 g4 45. Kc5 g3 46. Kd4 0-1

[Event "World Blitz 2025"]
[Site "Doha QAT"]
[Date "2025.12.29"]
[Round "10.25"]
[White "Lazavik, Denis"]
[Black "Bharath, Subramaniyam H"]
[Result "1-0"]
[WhiteTitle "GM"]
[BlackTitle "GM"]
[WhiteElo "2605"]
[BlackElo "2576"]
[WhiteFideId "13515110"]
[BlackFideId "46634827"]
[EventDate "2025.12.29"]

1. c4 e6 2. g3 d5 3. Bg2 Nf6 4. Nf3 Be7 5. O-O O-O 6. cxd5 exd5 7. Qc2 c6 8. d3
h6 9. b3 Bf5 10. Bb2 Nbd7 11. Nc3 Bh7 12. e4 dxe4 13. dxe4 Nc5 14. Rad1 Qc7 15.
Nd4 Rfe8 16. f3 Rad8 17. Qf2 a5 18. Rd2 Rd7 19. Rfd1 Red8 20. Bh3 Rd6 21. e5
Rxd4 22. Rxd4 Nd5 23. Nxd5 cxd5 24. Kh1 Qc6 25. Qd2 Bg5 26. Rxd5 Rf8 27. Qe2 Ne6
28. Rd6 Qc5 29. Bg4 Be7 30. Rd7 Re8 31. Kg2 Bg6 32. h4 h5 33. Bxe6 fxe6 34. Bd4
Qc6 35. Be3 Bf8 36. Rd8 Re7 37. R1d6 Qc3 38. R6d7 Rxd7 39. Rxd7 Qxe5 40. Rd8 Kf7
41. Qd2 Be7 42. Rd7 Ke8 43. Rxb7 Be4 44. Qd7+ 1-0

[Event "World Blitz 2025"]
[Site "Doha QAT"]
[Date "2025.12.29"]
[Round "10.26"]
[White "Pranav, V"]
[Black "Oro, Faustino"]
[Result "1-0"]
[WhiteTitle "GM"]
[BlackTitle "IM"]
[WhiteElo "2641"]
[BlackElo "2503"]
[WhiteFideId "25060783"]
[BlackFideId "20000197"]
[EventDate "2025.12.29"]

1. d4 Nf6 2. Nf3 d5 3. Bg5 Ne4 4. Bh4 c5 5. e3 Qb6 6. Qc1 Nc6 7. c3 Bf5 8. Nbd2
e6 9. Be2 Bd6 10. O-O O-O 11. Nb3 Rac8 12. Rd1 h6 13. dxc5 Nxc5 14. Nxc5 Bxc5
15. Bg3 Rfd8 16. Qd2 Bg6 17. h3 Be7 18. Ne5 Bf5 19. Nf3 Bh7 20. Nd4 Na5 21. b3
Nc6 22. Nf3 Be4 23. Bd3 Bxd3 24. Qxd3 Bf6 25. Rac1 Qa5 26. Rc2 Qa3 27. Qe2 Qc5
28. Kh2 Qa5 29. Rdc1 Qa3 30. e4 Qc5 31. e5 Be7 32. Rd2 Qa5 33. Rcc2 Nb8 34. c4
dxc4 35. Rxd8+ Rxd8 36. Qxc4 Nc6 37. Bf4 Rd5 38. Be3 a6 39. Qg4 Kh7 40. Qe4+ Kh8
41. g3 Qb5 42. Qf4 Kg8 43. Qg4 Kh8 44. h4 Qf1 45. Rc1 Qe2 46. Qf4 Kg8 47. a4 Qd3
48. Qg4 Kf8 49. Qh5 Qxb3 50. Qg4 Qb4 51. Rc4 Qb3 52. Qe4 Qd3 53. Qg4 h5 54. Qxh5
Ke8 55. Rf4 Qg6 56. Qh8+ Kd7 57. Qa8 Kc7 58. a5 Rxa5 59. Rc4 Rd5 60. Qa7 Rb5 61.
Nd4 Rb6 62. Nxe6+ Qxe6 63. Bxb6+ Kc8 64. Qa8+ Kd7 65. Qxb7+ 1-0

[Event "World Blitz 2025"]
[Site "Doha QAT"]
[Date "2025.12.29"]
[Round "10.27"]
[White "Nepomniachtchi, Ian"]
[Black "Pranav, Anand"]
[Result "1-0"]
[WhiteTitle "GM"]
[BlackTitle "GM"]
[WhiteElo "2723"]
[BlackElo "2591"]
[WhiteFideId "4168119"]
[BlackFideId "46626786"]
[EventDate "2025.12.29"]

1. e4 c5 2. Nf3 d6 3. d4 cxd4 4. Nxd4 Nf6 5. Nc3 a6 6. Nb3 e6 7. Bf4 Qc7 8. Qd2
b5 9. a3 Bb7 10. f3 Nc6 11. O-O-O Rd8 12. g4 h6 13. h4 Be7 14. Be2 Ne5 15. Kb1
Nc4 16. Bxc4 bxc4 17. Nc1 e5 18. Bg3 d5 19. exd5 Nxd5 20. Nxd5 Rxd5 21. Qc3 Rb5
22. Rhe1 f6 23. Na2 Ba8 24. Ka1 O-O 25. g5 Rfb8 26. Rb1 Qa5 27. gxh6 Qxc3 28.
Nxc3 R5b6 29. f4 e4 30. f5 Rc8 31. hxg7 Kxg7 32. Nxe4 Kf7 33. Rbd1 Bc6 34. Nd6+
Bxd6 35. Rxd6 Rb5 36. Ree6 Bf3 37. Rxf6+ Kg8 38. Rg6+ Kf8 39. Rdf6+ Ke7 40. Bd6+
Kd7 41. Bb4 a5 42. Rg7+ 1-0

[Event "World Blitz 2025"]
[Site "Doha QAT"]
[Date "2025.12.29"]
[Round "10.28"]
[White "Niemann, Hans Moke"]
[Black "Sychev, Klementy"]
[Result "1-0"]
[WhiteTitle "GM"]
[BlackTitle "GM"]
[WhiteElo "2725"]
[BlackElo "2517"]
[WhiteFideId "2093596"]
[BlackFideId "4114060"]
[EventDate "2025.12.29"]

1. e4 d5 2. exd5 Qxd5 3. Nc3 Qa5 4. d4 Nf6 5. Nf3 g6 6. Bc4 Bg7 7. O-O O-O 8. h3
c5 9. dxc5 Qxc5 10. Qe2 Nc6 11. Be3 Qf5 12. Rad1 Be6 13. Bb3 Bxb3 14. axb3 Rad8
15. Nd4 Nxd4 16. Bxd4 a6 17. Qxe7 Rd7 18. Qe2 Re8 19. Be3 Nd5 20. Nxd5 Rxd5 21.
Rxd5 Qxd5 22. Rd1 Qe6 23. c4 h5 24. Rd2 Bh6 25. Rd3 Bg7 26. Qd2 b5 27. c5 Qe5
28. c6 Kh7 29. Rd7 Qe6 30. c7 Rc8 31. Bf4 1-0

[Event "World Blitz 2025"]
[Site "Doha QAT"]
[Date "2025.12.29"]
[Round "10.29"]
[White "Uskov, Artem"]
[Black "Le, Quang Liem"]
[Result "1/2-1/2"]
[WhiteTitle "GM"]
[BlackTitle "GM"]
[WhiteElo "2516"]
[BlackElo "2731"]
[WhiteFideId "34254854"]
[BlackFideId "12401137"]
[EventDate "2025.12.29"]

1. e4 e5 2. Nf3 Nc6 3. Bc4 Bc5 4. d3 Nf6 5. a4 a5 6. Be3 Bxe3 7. fxe3 d6 8. O-O
O-O 9. h3 Be6 10. Nbd2 Qe7 11. Qe1 Nb4 12. Rc1 Nd7 13. Qe2 Nb6 14. Bxe6 fxe6 15.
c3 Nc6 16. b3 d5 17. d4 Rf7 18. Nxe5 Nxe5 19. dxe5 c6 20. Rxf7 Qxf7 21. c4 Qe7
22. exd5 exd5 23. cxd5 Nxd5 24. Nc4 Rf8 25. Qd3 Qg5 26. Rf1 Rxf1+ 27. Kxf1 Kf8
28. Qe4 g6 29. h4 Qe7 30. Ke1 Qb4+ 31. Nd2 Qxe4 32. Nxe4 Nxe3 33. Nd6 b6 34. Nc8
b5 35. Na7 bxa4 36. bxa4 Nxg2+ 37. Kf2 Nxh4 38. Nxc6 Nf5 39. Nxa5 Nd4 40. Ke3
Ne6 41. Nc6 h5 42. a5 Nc7 43. Nb4 h4 44. Kf4 Ke7 45. a6 h3 46. Kg3 Nxa6 1/2-1/2

[Event "World Blitz 2025"]
[Site "Doha QAT"]
[Date "2025.12.29"]
[Round "10.30"]
[White "Nihal, Sarin"]
[Black "Adhiban, Baskaran"]
[Result "1-0"]
[WhiteTitle "GM"]
[BlackTitle "GM"]
[WhiteElo "2701"]
[BlackElo "2557"]
[WhiteFideId "25092340"]
[BlackFideId "5018471"]
[EventDate "2025.12.29"]

1. d4 d5 2. Nf3 e6 3. Bf4 Bd6 4. Bg3 Nf6 5. e3 c5 6. Nbd2 Qc7 7. dxc5 Qxc5 8.
Bd3 Bxg3 9. hxg3 Nc6 10. c3 e5 11. e4 Bg4 12. exd5 Qxd5 13. Qe2 O-O-O 14. Bc4
Qc5 15. Nb3 Qd6 16. Qe3 Bxf3 17. gxf3 h5 18. Nd2 Kb8 19. O-O-O Qc7 20. Kb1 Nd5
21. Qc5 Nb6 22. Bb3 Nd7 23. Qe3 f6 24. Ne4 Na5 25. Be6 Nb6 26. Qc5 Rxd1+ 27.
Rxd1 Qxc5 28. Nxc5 h4 29. gxh4 Rxh4 30. Rd8+ Kc7 31. Rg8 g5 32. Rg7+ Kd6 33. b4
Nac4 34. Rxb7 Nd2+ 35. Kc2 Nxf3 36. Rxa7 e4 37. Ra6 Kc7 38. Bf5 Nd5 39. Bxe4
Nd4+ 40. Kb2 Nb6 41. cxd4 1-0

[Event "World Blitz 2025"]
[Site "Doha QAT"]
[Date "2025.12.29"]
[Round "10.31"]
[White "Pichot, Alan"]
[Black "Nguyen, Ngoc Truong Son"]
[Result "1-0"]
[WhiteTitle "GM"]
[BlackTitle "GM"]
[WhiteElo "2597"]
[BlackElo "2600"]
[WhiteFideId "110973"]
[BlackFideId "12401110"]
[EventDate "2025.12.29"]

1. e4 e5 2. Nf3 Nc6 3. Bc4 Bc5 4. c3 Nf6 5. d3 a5 6. O-O d6 7. h3 Ba7 8. Nbd2
O-O 9. Re1 Ne7 10. Bb3 Ng6 11. d4 c6 12. Bc2 Nh5 13. Nf1 Nhf4 14. Ng3 Qf6 15.
Be3 Be6 16. Nh5 Qe7 17. Nxf4 exf4 18. Bd2 Rae8 19. Qe2 Bb8 20. c4 Bd7 21. Bxa5
Nh4 22. Bc3 Bc7 23. b4 Be6 24. d5 Bd7 25. Bd4 Ng6 26. a4 Ra8 27. a5 Rfc8 28. Qd2
c5 29. Bc3 cxb4 30. Bxb4 Ne5 31. Qxf4 Nxc4 32. e5 Nxe5 33. Nxe5 dxe5 34. Qe4 f5
35. Bxe7 fxe4 36. Bxe4 Bxa5 37. Reb1 b5 38. d6 Ra7 39. Ra3 Kf7 40. Bd5+ Be6 41.
Rf3+ 1-0